UM Logo

Davao 3rd overall in national prisaa/ (Record no. 12357)

MARC details
000 -LEADER
fixed length control field 00350nam a2200121 4500
008 - FIXED-LENGTH DATA ELEMENTS--GENERAL INFORMATION
fixed length control field 190123b ||||| |||| 00| 0 eng d
100 ## - MAIN ENTRY--PERSONAL NAME
9 (RLIN) 34878
Personal name Morrell, Adam B.
245 ## - TITLE STATEMENT
Title Davao 3rd overall in national prisaa/
Statement of responsibility, etc. Adam B. Morrell
260 ## - PUBLICATION, DISTRIBUTION, ETC. (IMPRINT)
Place of publication, distribution, etc. Davao City
Name of publisher, distributor, etc. Sun Star Davao
Date of publication, distribution, etc. c2018
300 ## - PHYSICAL DESCRIPTION
Extent page 18.
650 #0 - SUBJECT ADDED ENTRY--TOPICAL TERM
9 (RLIN) 34885
Topical term or geographic name as entry element Sports.
942 ## - ADDED ENTRY ELEMENTS (KOHA)
Source of classification or shelving scheme Dewey Decimal Classification
Koha item type Periodicals
Holdings
Withdrawn status Lost status Source of classification or shelving scheme Damaged status Not for loan Collection code Home library Current library Date acquired Total Checkouts Date last seen Price effective from Koha item type Public note
    Dewey Decimal Classification     Periodicals UM Digos College - LIC UM Digos College - LIC 01/23/2019   01/23/2019 01/23/2019 Periodicals Newspaper Clippings